| 000 | 00869cam a2200301 a 4500 | ||
|---|---|---|---|
| 001 | 57382552 | ||
| 003 | OCoLC | ||
| 005 | 20210617145115.0 | ||
| 008 | 041209s2004 enk 001 0 eng | ||
| 020 | _a1842272934 (pbk.) | ||
| 020 | _a9781842272930 (pbk.) | ||
| 035 | _a.b18349456 | ||
| 035 | _a(OCoLC)57382552 | ||
| 040 |
_aUKM _cUKM _dBAKER _dCFT _dYDXCP _dEXN |
||
| 042 | _aukscp | ||
| 049 | _aEXNS | ||
| 100 | 1 |
_aWright, Walter C. _q(Walter Clifford), _d1942- |
|
| 245 | 1 | 0 |
_aMentoring : _bthe promise of relational leadership / _cWalter C. Wright ; foreword by Max De Pree. |
| 260 |
_aBletchley : _bPaternoster, _cc2004. |
||
| 300 |
_axxxi, 160 p. ; _c20 cm. |
||
| 336 | _atext | ||
| 337 | _aunmediated | ||
| 338 | _avolume | ||
| 504 | 0 | _aIncludes bibliographical references and index. | |
| 650 | 0 | _aMentoring. | |
| 902 | _a210601 | ||
| 942 |
_2lcc _cBK |
||
| 999 |
_c49797 _d49797 |
||